El Plan Único de Obras y Servicios de Cataluña y la garantía institucional de la autonomía provincial / Luis Ortega
ISBN:
84-470-0003-6
Descripción Física:
97 p. ; 18 cm
Colección:
Cuadernos Civitas
MARC
| LEADER | 00000nam a2200000Ia 4500 | ||
|---|---|---|---|
| 001 | 20497 | ||
| 008 | 160829s1992 xx 000 0 cat d | ||
| 020 | |a 84-470-0003-6 | ||
| 080 | |a C-3-92 | ||
| 100 | |a Ortega, Luis |9 45746 | ||
| 245 | |a El Plan Único de Obras y Servicios de Cataluña y la garantía institucional de la autonomía provincial / Luis Ortega | ||
| 260 | |a Barcelona : |b Diputació de Barcelona : |b Civitas, |c 1992 | ||
| 300 | |a 97 p. ; |c 18 cm | ||
| 490 | |a Cuadernos Civitas | ||
| 650 | |a Obres públiques |x Catalunya |9 38590 | ||
| 650 | 0 | |a Serveis públics |x Catalunya |9 32107 | |
| 650 | 0 | |a Administració provincial |z Catalunya |9 45747 | |
| 650 | |a Pla Únic d'Obres i Serveis |9 45748 | ||
| 901 | |a Arxiu | ||
| 942 | |n 1 | ||
| 952 | |0 0 |1 0 |4 0 |6 C392 |7 1 |9 52790 |a Arxiu |b Arxiu |d 2016-12-01 |l 0 |o C-3-92 |p 20497 |r 2016-12-01 00:00:00 |w 2016-12-01 |y ARXIU | ||
| 999 | |c 56639 |d 56639 | ||